LEADER 01082nam a2200277 u 4500 001 000000078665 003 CaOOAMICUS 005 20070226123444.0 008 040511s1986 fr u000 u fre u 035 $a10994508 040 $aPUL$bita 041 1 $afre$hara 100 1 $aEl-?ale?, ?oub??.$0(OLS)http://pul/name/52395 245 13$aLa vie future selon le Coran /$c?oub?? El-?ale? ; préface de Louis Gardet. 250 $a2e éd. 260 $aParis :$bVrin,$c1986. 300 $a173 p. ;$c26 cm 490 1 $aEtudes musulmanes ;$v13 650 4$aIslam$xVita e costumi sociali.$0(OLS)http://pul/subject/27400 650 4$aEtica islamica.$0(OLS)http://pul/subject/1501 830 0$aEtudes musulmanes ;$v13.$0(OLS)http://pul/title/4122 850 $aPUL 852 $aPUL$W1$xSL Filosofia 1$y2$m82 I 24$j100848$nBK-PRI$b $qStampati$B100848$CPULBib$Z2$F100848 $HPUL92033 $81 941 1 $a8 996 $6245$aLa vie future selon le Coran$9(OLS)http://pul/title/103021 996 $6260$aParis :$bVrin$9(OLS)http://pul/publisher/50780 LEADER 01654nam a2200361 a 4500 001 000000158262 003 CaOOAMICUS 005 20170126152011.0 008 170126s2016 it u000 u ita r 020 $a978-88-372-2470-7* 032 $aLibriCat 040 $aPUL$bita 041 1 $aita$hger 082 14$a204 100 1 $aHeiler, Friedrich,$d1892-$0(OLS)http://pul/name/9630 240 14$aDas Gebet Eine religionsgeschichliche. $lItaliano.$0(OLS)http://pul/title/197884 245 13$aLa preghiera : $bstudio di storia e psicologia delle religioni / $cFriedrich Heiler ; a cura di Martino Doni ; prefazione di Giovanni Filoramo . 260 $aBrescia :$bMorcelliana,$c©2016. 300 $axxix, 911 p. ; $c23 cm. 490 1 $aScienze e storia delle religioni. Nuova serie ;$v22 504 $aBibliografia p. [823]-850 e indice. 650 4$aPreghiera$xStoria.$0(OLS)http://pul/subject/25931 700 1 $aDoni, Martino.$0(OLS)http://pul/name/71890 700 1 $aFiloramo, Giovanni,$d1945-$0(OLS)http://pul/name/6760 830 0$aScienze e storia delle religioni.$pNuova serie ;$v22.$0(OLS)http://pul/title/144146 850 $aPUL 852 $aPUL$W1$xSL Religione 3$y85$m204 HEIFR 1$j181601$qDDC 21$B184743$CPULBib$Z2$F184743 $H128746 $81 941 1 $a9 996 $6020$a978-88-372-2470-7*$9(OLS)http://pul/number/161947 996 $6082$a204$9(OLS)http://pul/classification/576 996 $6245$aLa preghiera : $bstudio di storia e psicologia delle religioni / $9(OLS)http://pul/title/197885 996 $6260$aBrescia :$bMorcelliana$9(OLS)http://pul/publisher/47854